000 00249nam a22000857a 4500
008 161129b xxu||||| |||| 00| 0 eng d
100 _91534
_aParkashB
245 _aGlasstube Experiment On Formal Level Topic In Chemistry
260 _aNew Delhi
_bNCERT
_c2000
999 _c4264
_d4264